00417nam a2200121Ia 4500008004100000041000800041082001700049100001900066245003400085260003400119999001900153952012300172230627s9999 xx 000 0 und d amar a346.059bTAL aTalankar D. R. aBombay Public Trusts Act 1950 aMumbaibKamal Law Housec2005 c687803d687803 001040708LLBaNLPbNLPcNLP-17d2006-03-31g175.00l0o346.059 TALpNLP-N08751r2023-07-17 00:00:00w2023-07-17yBK